| 000 | nam a22 a 4500 | ||
|---|---|---|---|
| 999 |
_c342204 _d342204 |
||
| 003 | BLK | ||
| 005 | 20210727135334.0 | ||
| 008 | 180911b bul|||||r ||||||| ||bul|| | ||
| 010 | _a001843 | ||
| 040 | _aBLK | ||
| 041 |
_aBUL _cBUL |
||
| 080 |
_aБългарска литература _b821.163.2 _x-1 _z821.163.2-1 |
||
| 100 |
_aОсинин, Димитър _9583 _eизбрал и наредил |
||
| 139 | _aОсинин, Димитър | ||
| 245 | 0 | 0 |
_aНародни празнични песни _c Избрал и подредил Димитър Осинин ; С уводни бележки от Димитър Осинин |
| 260 |
_aСофия _bФакел _c1937 _fСофия : Гутенберг |
||
| 300 |
_a80 с _c20 см |
||
| 380 | _aX | ||
| 490 |
_aБиблиотека Родна книга _9204451 _v Г. IV, № 1 |
||
| 490 |
_aЧастна колекция - Академик Михаил Арнаудов _gДарение - Основен фонд |
||
| 500 | _aМихаил Арнаудов: негови-книга. - Подчертавания в текста | ||
| 650 |
_aПесни _9166108 |
||
| 650 |
_aПоезия _9166642 |
||
| 653 | _aлирика | ||
| 653 | _aнародни песни | ||
| 655 |
_aбългарска литература _9460843 |
||
| 700 |
_aОсинин, Димитър _eуводни бел. _91620 |
||
| 852 |
_aМА 2546 _bМА |
||
| 852 |
_aЦб 8.200.12929 _bЦб |
||
| 942 |
_cKNG _n0 _s1 |
||
| 944 |
_aCR _c1997 _kValK |
||
| 999 | _d342204 | ||
| 999 | _d342204 | ||